000 00495nam a22001571a 4500
020 _a9788121509794
082 _aS 294.592 6
_bGHA/B
245 _aBalambhatti being a commentary by Balambhatta Payagunde on the Mitaksara of Sri Vijnaneswara on the Yajnavalkya- Smrti (v.1)/
_cby Gharpure J R(ed.)
260 _aNew Delhi:
_bMunshiram Manoharlal,
_c2000.
300 _a348p.
650 _aDharmashastra
650 _aHinduism
650 _aReligion
700 _aGharpure J R(ed.)
942 _cREF
999 _c4057
_d4057